| 000 | 00619nam a22002177a 4500 | ||
|---|---|---|---|
| 003 | OSt | ||
| 005 | 20220107122744.0 | ||
| 008 | 140425b xxu||||| |||| 00| 0 eng d | ||
| 020 | _a9788126516971 | ||
| 040 | _cIIITM-K | ||
| 082 | _a006.74H DUC/B | ||
| 100 |
_aDuckett, Jon _94469 |
||
| 245 |
_aBeginning web programming with HTML, XHTML and CSS _cby Jon Duckett |
||
| 260 |
_aNew Delhi, _bWiley, _c2012. |
||
| 300 | _axxviii, 739p. | ||
| 650 |
_aCOMPUTER SCIENCE _94470 |
||
| 650 |
_aWEB PROGRAMMING _94953 |
||
| 650 |
_aCOMPUTER PROGRAMMING _94471 |
||
| 650 |
_aWEB APPLICATION PROGRAMMING _94472 |
||
| 942 |
_2ddc _cBK |
||
| 999 |
_c4097 _d4097 |
||